000 00855nam a22001577a 4500
003 SGT
020 _a9780074600412
082 _a519.5,BAI
100 _aBAISNAB A. P.
245 _aELEMENTS OF PROBABILITY AND STATISTICS
260 _aNEW DELHI
_bTMH
_c2015
300 _a408
650 _aMATHEMATICS AND STATISTICS
653 _aCHAPTER 1 ALGEBRA OF SETS, BETA AND GAMMA FUNCTIONS CHAPTER 2 PROBABILITY THEORY CHAPTER 3 RANDOM VARIABLE AND PROBABILITY DISTRIBUTIONS CHAPTER 4 MATHEMATICAL EXPECTATION CHAPTER 5 SOME DISCRETE AND CONTINUOUS DISTRIBUTIONS CHAPTER 6 GENERATING FUNCTIONS, CHARACTERISTIC FUNCTIONS AND LIMIT THEOREMS CHAPTER 7 ELEMENTS OF STATISTICS CHAPTER 8 SAMPLING DISTRIBUTIONS CHAPTER 9 THEORY OF ESTIMATION CHAPTER 10 TESTS OF HYPOTHESES CHAPTER 11 CURVE FITTING AND CORRELATION CHAPTER 12 THEORY OF ERRORS
942 _2ddc
_cFPS
999 _c9303
_d9303